000 00695nam a2200169 i 4500
001 36625
003 ES-MaACL
005 20230906155415.0
007 t|
008 030218s1919 xxu ||||1| eng d
100 1 _aBrown, Nelson Courtlandt.
_932016
245 1 0 _aForest products :
_btheir manufacture and use, embracing the principal commercial features in the production, manufacture and utilization of the most important forest products other than lumber in the United States /
_cby Nelson Courtlandt Brown.
260 _aNew York :
_bJohn Wiley and Sons,
_c1919.
300 _aXX, 472 p. ;
_c24 cm.
650 4 _aProductos forestales-
_zEstados Unidos.
_9172197
852 _aES-MaACL
_jB-1633
999 _c36625
_d36625